| 000 | 01477cam a22004097a 4500 | ||
|---|---|---|---|
| 003 | CHAP | ||
| 005 | 20220329142826.0 | ||
| 008 | 040527s2004 mx ad r 00010 spa d | ||
| 010 | _a88346 | ||
| 011 | _a89318 | ||
| 035 | _a99869 | ||
| 040 | _cCHAP | ||
| 090 | _aTesis | ||
| 100 | 0 | 0 |
_aRangel Piñon, J. Vicente. _994616 |
| 245 | 1 | 0 |
_aMaquinado de cuatro especies maderables de encino _c/por J. Vicente Rangel Piñon |
| 260 |
_aChapingo, Méx. : _bEl autor, _c2004 |
||
| 300 |
_a52 h. : _bilus. ; cuadros |
||
| 502 | _aTesis (Ing.Forestal) -- UACH. Divisióm de Ciencias Forstales | ||
| 530 | _aTambién disponible en línea | ||
| 590 |
_aALEPH _b10 _c20130110 _lUCH01 _h1457 |
||
| 590 |
_aBATCH-UPD _b10 _c20130110 _lUCH01 _h0607 |
||
| 590 |
_aBATCH-UPD _b10 _c20130410 _lUCH01 _h0249 |
||
| 590 |
_aBATCH-UPD _b10 _c20130914 _lUCH01 _h1738 |
||
| 590 |
_aBATCH-UPD _b10 _c20140324 _lUCH01 _h1444 |
||
| 590 |
_aBATCH-UPD _b10 _c20141002 _lUCH01 _h0822 |
||
| 590 |
_aCONVERSION _b10 _c20130109 _lUCH01 _h1349 |
||
| 650 | 1 | 4 |
_aMadera aserrada. _969637 |
| 650 | 1 | 4 |
_aMadera _xPropiedades y usos. _969621 |
| 650 | 1 | 4 |
_aMaquinaria forestal. _971212 |
| 650 | 1 | 4 |
_aQuercus (madera) _993182 |
| 856 |
_3Finding aid _uhttp://10.13.5.2/tesis/99869.pdf _zTeclea aqui |
||
| 901 | _aBK | ||
| 905 | _aMarco A. Mendoza T. | ||
| 942 | _cFOLL | ||
| 949 |
_aTesis _bBC _cTES _d33724000909990 _eTS2 _fc.2 _gDonaciØn _h41918 _i99869 _sb |
||
| 949 |
_aTesis _bBC _cTES _d998691 _eTS1 _gDonaciØn _h41917 _i99869 _sb |
||
| 999 |
_c88346 _d88346 |
||